[Event "DVM U16 2019"]
[Site "Magdeburg GER"]
[Date "2019.12.29"]
[Round "5"]
[White "Lohvinov, Petro"]
[Black "Dietz, Florian"]
[Result "0-1"]
[Termination "normal"]
[Board "1.2"]
[WhiteElo "2032"]
[BlackElo "2116"]
[WhiteClock "00:04:43"]
[BlackClock "00:02:46"]
[WhiteTeam "SK München Südost"]
[BlackTeam "Reideburger SV 90 Halle"]
[PlyCount "78"]
[WhiteFideId "14176661"]
[BlackFideId "12939897"]
[EventCountry "GER"]
[EventRounds "7"]
[EventType "team-swiss"]
[EventDate "2019.12.26"]

1. e4 {[%clk 1:30:58]} c5 {[%clk 1:30:54]} 2. Nf3 {[%clk 1:31:25]} e6 {[%clk
1:31:10]} 3. d3 {[%clk 1:31:24]} d5 {[%clk 1:28:58]} 4. Nbd2 {[%clk 1:31:35]}
Nc6 {[%clk 1:28:05]} 5. g3 {[%clk 1:31:59]} Nf6 {[%clk 1:27:03]} 6. Bg2 {[%clk
1:32:23]} Be7 {[%clk 1:22:35]} 7. O-O {[%clk 1:32:44]} e5 {[%clk 1:22:36]} 8.
Re1 {[%clk 1:07:41]} d4 {[%clk 1:21:14]} 9. Rf1 {[%clk 1:06:11]} Qc7 {[%clk
1:14:32]} 10. Ne1 {[%clk 1:02:28]} g5 {[%clk 1:12:58]} 11. c3 {[%clk 0:53:04]}
Be6 {[%clk 1:09:30]} 12. Ndf3 {[%clk 0:47:05]} h6 {[%clk 1:08:54]} 13. h4
{[%clk 0:46:44]} Ng4 {[%clk 0:59:43]} 14. Bh3 {[%clk 0:35:58]} gxh4 {[%clk
0:54:28]} 15. Nxh4 {[%clk 0:36:17]} Nxf2 {[%clk 0:54:00]} 16. Rxf2 {[%clk
0:36:41]} Bxh3 {[%clk 0:54:27]} 17. Nf5 {[%clk 0:29:56]} Bxf5 {[%clk 0:53:17]}
18. Rxf5 {[%clk 0:30:25]} Rg8 {[%clk 0:53:17]} 19. Kf2 {[%clk 0:28:40]} Qd6
{[%clk 0:43:26]} 20. c4 {[%clk 0:26:42]} Qg6 {[%clk 0:35:20]} 21. Qf3 {[%clk
0:27:12]} Rg7 {[%clk 0:34:57]} 22. Bd2 {[%clk 0:26:31]} O-O-O {[%clk 0:35:00]}
23. Rh5 {[%clk 0:22:23]} Rdg8 {[%clk 0:31:02]} 24. Rh3 {[%clk 0:22:53]} Bg5
{[%clk 0:30:30]} 25. Rd1 {[%clk 0:18:39]} Rh7 {[%clk 0:22:11]} 26. Ng2 {[%clk
0:17:42]} Qe6 {[%clk 0:16:29]} 27. Rh5 {[%clk 0:11:19]} Rhg7 {[%clk 0:13:00]}
28. Bxg5 {[%clk 0:10:15]} Rxg5 {[%clk 0:13:19]} 29. Rxg5 {[%clk 0:10:29]} Rxg5
{[%clk 0:13:40]} 30. Nh4 {[%clk 0:10:06]} Ne7 {[%clk 0:13:18]} 31. Kg2 {[%clk
0:06:46]} f5 {[%clk 0:06:34]} 32. exf5 {[%clk 0:07:15]} Nxf5 {[%clk 0:06:55]}
33. Nxf5 {[%clk 0:07:43]} Rxf5 {[%clk 0:07:19]} 34. Qe4 {[%clk 0:05:45]} Rh5
{[%clk 0:05:06]} 35. Rh1 {[%clk 0:03:09]} Rxh1 {[%clk 0:01:41]} 36. Kxh1 {[%clk
0:03:38]} Qh3+ {[%clk 0:01:46]} 37. Kg1 {[%clk 0:04:08]} Qxg3+ {[%clk 0:02:08]}
38. Kh1 {[%clk 0:04:21]} Qh3+ {[%clk 0:02:29]} 39. Kg1 {[%clk 0:04:43]} Qe3+
{[%clk 0:02:46]} 0-1

[Event "DVM U16 2019"]
[Site "Magdeburg GER"]
[Date "2019.12.29"]
[Round "5"]
[White "Henning, Marvin"]
[Black "Costa, Leonardo"]
[Result "1/2-1/2"]
[Termination "normal"]
[Board "1.3"]
[WhiteElo "1972"]
[BlackElo "2048"]
[WhiteClock "00:24:21"]
[BlackClock "00:16:23"]
[WhiteTeam "Reideburger SV 90 Halle"]
[BlackTeam "SK München Südost"]
[PlyCount "105"]
[WhiteFideId "12957399"]
[BlackFideId "16213955"]
[EventCountry "GER"]
[EventRounds "7"]
[EventType "team-swiss"]
[EventDate "2019.12.26"]

1. e4 {[%clk 1:30:57]} e5 {[%clk 1:30:56]} 2. Nf3 {[%clk 1:31:22]} Nc6 {[%clk
1:31:22]} 3. Bb5 {[%clk 1:31:48]} a6 {[%clk 1:31:48]} 4. Ba4 {[%clk 1:32:15]}
Nf6 {[%clk 1:32:13]} 5. O-O {[%clk 1:32:40]} b5 {[%clk 1:32:35]} 6. Bb3 {[%clk
1:33:06]} Bc5 {[%clk 1:33:00]} 7. Nc3 {[%clk 1:32:57]} d6 {[%clk 1:31:02]} 8.
Nd5 {[%clk 1:33:06]} h6 {[%clk 1:19:41]} 9. c3 {[%clk 1:31:12]} O-O {[%clk
1:13:43]} 10. d4 {[%clk 1:29:39]} Ba7 {[%clk 1:12:05]} 11. Nxf6+ {[%clk
1:24:39]} Qxf6 {[%clk 1:12:05]} 12. Bd5 {[%clk 1:24:57]} Bb7 {[%clk 1:06:36]}
13. a4 {[%clk 1:25:01]} Rfb8 {[%clk 0:59:28]} 14. axb5 {[%clk 1:23:53]} axb5
{[%clk 0:58:14]} 15. Be3 {[%clk 1:15:34]} exd4 {[%clk 0:37:22]} 16. cxd4 {[%clk
1:07:04]} Bb6 {[%clk 0:33:06]} 17. Rxa8 {[%clk 1:00:18]} Bxa8 {[%clk 0:32:25]}
18. Qd2 {[%clk 0:38:54]} Ne7 {[%clk 0:27:06]} 19. Bxa8 {[%clk 0:38:57]} Rxa8
{[%clk 0:27:33]} 20. Qd3 {[%clk 0:39:07]} c6 {[%clk 0:26:53]} 21. Rc1 {[%clk
0:37:32]} Qg6 {[%clk 0:25:21]} 22. Nh4 {[%clk 0:32:49]} Qf6 {[%clk 0:22:45]}
23. Nf3 {[%clk 0:32:16]} Ra2 {[%clk 0:20:57]} 24. Qb1 {[%clk 0:31:33]} Ra6
{[%clk 0:19:00]} 25. h3 {[%clk 0:31:11]} Qe6 {[%clk 0:19:02]} 26. Qd3 {[%clk
0:27:33]} Qa2 {[%clk 0:18:57]} 27. e5 {[%clk 0:21:16]} d5 {[%clk 0:14:24]} 28.
b3 {[%clk 0:16:53]} Ra3 {[%clk 0:14:07]} 29. Rb1 {[%clk 0:17:03]} Ra7 {[%clk
0:11:48]} 30. Rc1 {[%clk 0:16:59]} Qa6 {[%clk 0:11:54]} 31. Bd2 {[%clk
0:16:52]} Qb7 {[%clk 0:12:18]} 32. Bb4 {[%clk 0:17:05]} Bd8 {[%clk 0:10:23]}
33. Qc2 {[%clk 0:17:15]} Ra6 {[%clk 0:10:47]} 34. Ne1 {[%clk 0:15:53]} Nc8
{[%clk 0:09:28]} 35. Nd3 {[%clk 0:16:08]} Qa8 {[%clk 0:09:02]} 36. Qd1 {[%clk
0:16:11]} Ne7 {[%clk 0:06:35]} 37. Kh2 {[%clk 0:14:15]} Qc8 {[%clk 0:05:48]}
38. g4 {[%clk 0:12:52]} Ra2 {[%clk 0:04:19]} 39. Rc2 {[%clk 0:12:28]} Qa8 40.
Nf4 {[%clk 0:04:25]} Rxc2 {[%clk 0:01:01]} 41. Qxc2 {[%clk 0:04:54]} Qa1 {[%clk
0:01:04]} 42. Bxe7 {[%clk 0:04:44]} Bxe7 {[%clk 0:01:30]} 43. e6 {[%clk
0:01:12]} fxe6 {[%clk 0:21:30]} 44. Qxc6 {[%clk 0:30:31]} Qe1 {[%clk 0:19:55]}
45. Qxe6+ {[%clk 0:24:08]} Qxe6 {[%clk 0:20:18]} 46. Nxe6 {[%clk 0:24:35]} Kf7
{[%clk 0:19:22]} 47. Nc5 {[%clk 0:24:04]} Bf6 {[%clk 0:18:31]} 48. Nd3 {[%clk
0:23:23]} Bxd4 {[%clk 0:18:55]} 49. f4 {[%clk 0:23:32]} g6 {[%clk 0:18:14]} 50.
Kg2 {[%clk 0:23:56]} Ke6 {[%clk 0:17:16]} 51. Kf3 {[%clk 0:24:15]} Bg7 {[%clk
0:16:23]} 52. Ne1 {[%clk 0:24:21]} Ke5 53. Ke4+ 1/2-1/2

[Event "DVM U16 2019"]
[Site "Magdeburg GER"]
[Date "2019.12.29"]
[Round "5"]
[White "Ponomarev, Maximilian"]
[Black "Hundrieser, Malte"]
[Result "1/2-1/2"]
[Termination "normal"]
[Board "1.4"]
[WhiteElo "2046"]
[BlackElo "2003"]
[WhiteClock "00:23:56"]
[BlackClock "00:18:42"]
[WhiteTeam "SK München Südost"]
[BlackTeam "Reideburger SV 90 Halle"]
[PlyCount "91"]
[WhiteFideId "16216768"]
[BlackFideId "12997153"]
[EventCountry "GER"]
[EventRounds "7"]
[EventType "team-swiss"]
[EventDate "2019.12.26"]

1. e4 {[%clk 1:30:56]} c5 {[%clk 1:30:54]} 2. Nf3 {[%clk 1:31:19]} Nc6 {[%clk
1:31:20]} 3. d4 {[%clk 1:31:40]} cxd4 {[%clk 1:31:40]} 4. Nxd4 {[%clk 1:32:01]}
g6 {[%clk 1:32:04]} 5. c4 {[%clk 1:32:14]} d6 {[%clk 1:32:04]} 6. Be3 {[%clk
1:31:32]} Nf6 {[%clk 1:31:56]} 7. f3 {[%clk 1:31:01]} Bg7 {[%clk 1:28:13]} 8.
Nc3 {[%clk 1:30:45]} O-O {[%clk 1:28:18]} 9. Be2 {[%clk 1:30:42]} Nxd4 {[%clk
1:22:31]} 10. Bxd4 {[%clk 1:30:39]} Be6 {[%clk 1:20:37]} 11. O-O {[%clk
1:30:13]} Nd7 {[%clk 1:16:49]} 12. Bxg7 {[%clk 1:30:29]} Kxg7 {[%clk 1:17:13]}
13. Kh1 {[%clk 1:30:54]} Qb6 {[%clk 1:10:39]} 14. Qd2 {[%clk 1:26:08]} Rac8
{[%clk 1:07:53]} 15. b3 {[%clk 1:25:49]} Kg8 {[%clk 1:06:24]} 16. f4 {[%clk
1:25:13]} f5 {[%clk 1:00:12]} 17. exf5 {[%clk 1:14:47]} Bxf5 {[%clk 0:58:38]}
18. Nd5 {[%clk 1:12:53]} Qd8 {[%clk 0:58:44]} 19. Bd3 {[%clk 1:13:13]} e6
{[%clk 0:50:39]} 20. Bxf5 {[%clk 1:04:28]} gxf5 {[%clk 0:50:51]} 21. Nc3 {[%clk
1:04:28]} Nf6 {[%clk 0:49:55]} 22. Rae1 {[%clk 1:00:45]} Qd7 {[%clk 0:45:46]}
23. Qe3 {[%clk 0:57:32]} Kf7 {[%clk 0:34:23]} 24. Nb5 {[%clk 0:54:26]} a6
{[%clk 0:32:27]} 25. Nd4 Rce8 {[%clk 0:30:16]} 26. Nf3 {[%clk 0:54:39]} Ne4
{[%clk 0:26:35]} 27. Re2 {[%clk 0:40:36]} Kg8 {[%clk 0:22:45]} 28. Nd2 {[%clk
0:36:43]} Nf6 {[%clk 0:16:12]} 29. Rfe1 {[%clk 0:32:55]} h6 {[%clk 0:13:09]}
30. Qg3+ {[%clk 0:25:02]} Kh7 {[%clk 0:12:28]} 31. Qh4 {[%clk 0:25:11]} Ng8
{[%clk 0:09:05]} 32. Nf3 {[%clk 0:25:27]} Rf6 {[%clk 0:08:58]} 33. Nd4 {[%clk
0:23:42]} Re7 {[%clk 0:04:52]} 34. Nf3 {[%clk 0:22:27]} Rg6 {[%clk 0:04:16]}
35. h3 {[%clk 0:22:07]} Nf6 {[%clk 0:02:03]} 36. Kh2 {[%clk 0:18:43]} Kg7
{[%clk 0:02:05]} 37. Rd1 {[%clk 0:17:25]} Qc7 {[%clk 0:01:58]} 38. Qf2 {[%clk
0:14:11]} Ne4 {[%clk 0:00:47]} 39. Qe3 {[%clk 0:09:01]} Rf6 {[%clk 0:00:34]}
40. Nd2 {[%clk 0:06:35]} Nxd2 {[%clk 0:00:45]} 41. Rdxd2 {[%clk 0:06:14]} e5
{[%clk 0:29:35]} 42. Rd5 {[%clk 0:35:43]} e4 {[%clk 0:27:54]} 43. Qd4 {[%clk
0:35:52]} Kf7 {[%clk 0:22:00]} 44. Kg1 {[%clk 0:35:22]} Qc6 {[%clk 0:19:02]}
45. Rd2 {[%clk 0:32:42]} Ree6 {[%clk 0:18:42]} 46. b4 {[%clk 0:23:56]} 1/2-1/2

[Event "DVM U16 2019"]
[Site "Magdeburg GER"]
[Date "2019.12.29"]
[Round "5"]
[White "Kotyk, Michael"]
[Black "Haufe, Laurin"]
[Result "0-1"]
[Termination "normal"]
[Board "2.2"]
[WhiteElo "2103"]
[BlackElo "2022"]
[WhiteClock "00:04:14"]
[BlackClock "00:07:28"]
[WhiteTeam "Hamburger SK"]
[BlackTeam "Schachgemeinschaft Leipzig"]
[PlyCount "266"]
[WhiteFideId "16214501"]
[BlackFideId "12976504"]
[EventCountry "GER"]
[EventRounds "7"]
[EventType "team-swiss"]
[EventDate "2019.12.26"]

1. Nf3 {[%clk 1:30:57]} c5 {[%clk 1:30:52]} 2. b3 {[%clk 1:31:22]} d5 {[%clk
1:31:11]} 3. Bb2 {[%clk 1:31:42]} f6 {[%clk 1:31:31]} 4. Nc3 {[%clk 1:32:11]}
e5 {[%clk 1:31:41]} 5. e4 {[%clk 1:32:38]} d4 {[%clk 1:31:40]} 6. Nd5 {[%clk
1:33:03]} Nc6 {[%clk 1:29:55]} 7. Nh4 {[%clk 1:32:00]} Be6 {[%clk 1:20:49]} 8.
Bc4 {[%clk 1:32:25]} Bf7 {[%clk 1:19:58]} 9. Qg4 {[%clk 1:31:20]} Nh6 {[%clk
1:05:26]} 10. Qf3 {[%clk 1:24:14]} Qd7 {[%clk 0:55:20]} 11. d3 {[%clk 1:16:09]}
Bxd5 {[%clk 0:44:07]} 12. Bxd5 {[%clk 1:15:27]} Nb4 {[%clk 0:44:01]} 13. Kd1
{[%clk 1:06:17]} Nxd5 {[%clk 0:43:26]} 14. exd5 {[%clk 1:06:43]} Qg4 {[%clk
0:38:00]} 15. Qxg4 {[%clk 1:04:07]} Nxg4 {[%clk 0:38:20]} 16. Ke2 {[%clk
1:03:39]} Nh6 {[%clk 0:35:30]} 17. Bc1 {[%clk 0:56:05]} Ng8 {[%clk 0:31:56]}
18. Nf5 {[%clk 0:52:21]} g6 {[%clk 0:30:50]} 19. Ng3 {[%clk 0:52:19]} Ne7
{[%clk 0:29:09]} 20. d6 {[%clk 0:50:58]} Nd5 {[%clk 0:29:03]} 21. Ne4 {[%clk
0:51:22]} b6 {[%clk 0:28:24]} 22. a4 {[%clk 0:42:01]} Kd7 {[%clk 0:25:18]} 23.
g4 {[%clk 0:32:08]} Bxd6 {[%clk 0:23:11]} 24. f3 {[%clk 0:32:12]} Bf8 {[%clk
0:20:19]} 25. h4 {[%clk 0:26:01]} h5 {[%clk 0:15:17]} 26. Ng3 {[%clk 0:23:07]}
Bh6 {[%clk 0:11:46]} 27. g5 {[%clk 0:23:32]} fxg5 {[%clk 0:11:25]} 28. hxg5
{[%clk 0:24:01]} Bf8 {[%clk 0:11:04]} 29. Rh4 {[%clk 0:23:02]} Bd6 {[%clk
0:10:21]} 30. Ne4 {[%clk 0:23:09]} Rhf8 {[%clk 0:09:56]} 31. Bd2 {[%clk
0:23:30]} Ke6 {[%clk 0:08:16]} 32. Rg1 {[%clk 0:21:23]} Rf7 {[%clk 0:07:46]}
33. Rh3 {[%clk 0:19:47]} Be7 {[%clk 0:06:17]} 34. Rh4 {[%clk 0:18:46]} Raf8
{[%clk 0:06:05]} 35. Rh3 {[%clk 0:19:10]} Nc7 {[%clk 0:04:03]} 36. Ra1 {[%clk
0:18:32]} a5 {[%clk 0:03:43]} 37. Rg1 {[%clk 0:17:27]} Kd7 {[%clk 0:03:39]} 38.
Rgg3 {[%clk 0:15:13]} Ne6 {[%clk 0:03:02]} 39. Rh2 {[%clk 0:14:41]} Rf5 {[%clk
0:02:39]} 40. Rh1 {[%clk 0:14:46]} Kc6 {[%clk 0:02:21]} 41. Rhh3 {[%clk
0:12:34]} Nc7 {[%clk 0:20:53]} 42. Rh1 {[%clk 0:42:42]} Ne8 {[%clk 0:20:25]}
43. Rhh3 {[%clk 0:39:34]} Nd6 {[%clk 0:20:11]} 44. Nxd6 {[%clk 0:39:06]} Bxd6
{[%clk 0:20:29]} 45. Rg1 {[%clk 0:39:35]} Ra8 {[%clk 0:17:54]} 46. Ra1 {[%clk
0:36:51]} b5 {[%clk 0:16:56]} 47. Rhh1 {[%clk 0:37:06]} Bc7 {[%clk 0:15:27]}
48. Rh3 {[%clk 0:32:33]} bxa4 {[%clk 0:13:12]} 49. Rxa4 {[%clk 0:32:46]} Kb5
{[%clk 0:12:57]} 50. Ra1 {[%clk 0:26:54]} Rh8 {[%clk 0:08:28]} 51. Rh4 {[%clk
0:26:14]} Rhf8 {[%clk 0:08:16]} 52. Rh3 {[%clk 0:26:43]} R8f7 {[%clk 0:08:31]}
53. Rf1 {[%clk 0:18:56]} Bd8 {[%clk 0:07:57]} 54. Rg1 {[%clk 0:19:25]} Bb6
{[%clk 0:07:52]} 55. Ra1 {[%clk 0:17:45]} Rf8 {[%clk 0:08:09]} 56. Rg1 {[%clk
0:16:58]} Ra8 {[%clk 0:08:09]} 57. Rb1 {[%clk 0:17:27]} Rf7 {[%clk 0:07:52]}
58. Rhh1 {[%clk 0:17:23]} Rfa7 {[%clk 0:08:05]} 59. Rh4 {[%clk 0:15:50]} Kc6
{[%clk 0:07:25]} 60. Re4 {[%clk 0:15:46]} Kd5 {[%clk 0:07:32]} 61. c4+ {[%clk
0:15:41]} Kd6 {[%clk 0:07:01]} 62. f4 {[%clk 0:15:56]} exf4 {[%clk 0:06:19]}
63. Bxf4+ {[%clk 0:16:25]} Kd7 {[%clk 0:06:26]} 64. Be5 {[%clk 0:16:16]} Rf8
{[%clk 0:05:32]} 65. Bf6 {[%clk 0:14:37]} Bd8 {[%clk 0:05:49]} 66. Bxd8 {[%clk
0:11:37]} Kxd8 {[%clk 0:06:05]} 67. Re6 {[%clk 0:10:08]} Re8 {[%clk 0:05:30]}
68. Rxe8+ {[%clk 0:10:16]} Kxe8 {[%clk 0:05:55]} 69. Kf3 {[%clk 0:09:35]} Ke7
{[%clk 0:05:11]} 70. Ke4 {[%clk 0:08:43]} Kd6 {[%clk 0:04:51]} 71. Ra1 {[%clk
0:09:06]} Re7+ {[%clk 0:03:46]} 72. Kf4 {[%clk 0:09:35]} Ra7 {[%clk 0:04:04]}
73. Ke4 {[%clk 0:09:20]} Ra8 {[%clk 0:02:18]} 74. Ra2 {[%clk 0:09:33]} h4
{[%clk 0:01:43]} 75. Kf4 {[%clk 0:06:54]} Rf8+ {[%clk 0:00:39]} 76. Kg4 {[%clk
0:06:56]} Rb8 {[%clk 0:00:34]} 77. Rxa5 {[%clk 0:05:58]} Rxb3 {[%clk 0:00:46]}
78. Ra6+ {[%clk 0:06:08]} Ke5 {[%clk 0:01:07]} 79. Rxg6 {[%clk 0:05:52]} Rxd3
{[%clk 0:01:29]} 80. Rg8 {[%clk 0:06:06]} Rc3 {[%clk 0:01:39]} 81. Re8+ {[%clk
0:06:13]} Kd6 {[%clk 0:02:02]} 82. g6 {[%clk 0:06:27]} Rg3+ {[%clk 0:02:17]}
83. Kf5 {[%clk 0:04:35]} h3 {[%clk 0:02:09]} 84. Rh8 {[%clk 0:03:18]} Ke7
{[%clk 0:01:08]} 85. Rh7+ {[%clk 0:02:57]} Kf8 {[%clk 0:01:02]} 86. Rh8+ {[%clk
0:02:41]} Kg7 {[%clk 0:01:24]} 87. Rh7+ {[%clk 0:02:30]} Kg8 {[%clk 0:01:50]}
88. Kf4 {[%clk 0:02:13]} Rxg6 {[%clk 0:00:41]} 89. Rxh3 {[%clk 0:02:33]} Kf7
{[%clk 0:00:32]} 90. Ke5 {[%clk 0:01:57]} Rc6 {[%clk 0:00:36]} 91. Rh8 {[%clk
0:00:47]} Rg6 {[%clk 0:00:37]} 92. Rh7+ {[%clk 0:00:46]} Rg7 {[%clk 0:00:48]}
93. Rh3 {[%clk 0:00:46]} Rg5+ {[%clk 0:01:07]} 94. Kf4 {[%clk 0:00:53]} Kg6
{[%clk 0:01:11]} 95. Ra3 {[%clk 0:01:12]} Rf5+ {[%clk 0:01:02]} 96. Ke4 {[%clk
0:01:35]} Kg5 {[%clk 0:00:52]} 97. Rg3+ {[%clk 0:01:31]} Kf6 {[%clk 0:01:02]}
98. Rh3 {[%clk 0:00:52]} Kg6 {[%clk 0:01:07]} 99. Rh8 {[%clk 0:00:58]} Rh5
{[%clk 0:01:21]} 100. Rd8 {[%clk 0:00:55]} Kg5 {[%clk 0:01:14]} 101. Rg8+
{[%clk 0:00:41]} Kf6 {[%clk 0:01:32]} 102. Rf8+ {[%clk 0:00:52]} Ke6 {[%clk
0:01:47]} 103. Re8+ {[%clk 0:00:52]} Kd6 {[%clk 0:02:06]} 104. Rd8+ {[%clk
0:01:11]} Kc7 {[%clk 0:02:09]} 105. Rg8 {[%clk 0:01:17]} Kb6 {[%clk 0:02:24]}
106. Rb8+ {[%clk 0:01:13]} Kc7 {[%clk 0:01:33]} 107. Rg8 {[%clk 0:01:22]} Kd6
{[%clk 0:00:55]} 108. Rd8+ {[%clk 0:01:09]} Ke7 {[%clk 0:01:01]} 109. Ra8
{[%clk 0:01:02]} Kf6 {[%clk 0:00:40]} 110. Rf8+ {[%clk 0:01:04]} Kg7 {[%clk
0:00:48]} 111. Rd8 {[%clk 0:01:17]} Rh8 {[%clk 0:01:08]} 112. Rd7+ {[%clk
0:01:07]} Kf6 {[%clk 0:01:10]} 113. Rc7 {[%clk 0:00:42]} Re8+ {[%clk 0:00:47]}
114. Kd3 {[%clk 0:00:43]} Re3+ {[%clk 0:00:56]} 115. Kd2 {[%clk 0:01:12]} Re5
{[%clk 0:01:16]} 116. Rc8 {[%clk 0:01:27]} Kf5 {[%clk 0:01:35]} 117. Kd3 {[%clk
0:01:51]} Ke6 {[%clk 0:01:54]} 118. Kd2 {[%clk 0:01:16]} Kd7 {[%clk 0:01:57]}
119. Rh8 {[%clk 0:00:50]} Re3 {[%clk 0:02:16]} 120. Rh5 {[%clk 0:00:46]} Kc6
{[%clk 0:02:39]} 121. Rh6+ {[%clk 0:01:00]} Kb7 {[%clk 0:03:00]} 122. Rh7+
{[%clk 0:00:42]} Kb6 {[%clk 0:03:25]} 123. Rh6+ {[%clk 0:00:55]} Ka5 {[%clk
0:03:49]} 124. Rh1 {[%clk 0:01:16]} Kb4 {[%clk 0:03:48]} 125. Rc1 {[%clk
0:01:40]} Rc3 {[%clk 0:04:10]} 126. Rxc3 {[%clk 0:01:11]} dxc3+ {[%clk
0:04:37]} 127. Kc1 {[%clk 0:01:37]} Kxc4 {[%clk 0:05:00]} 128. Kc2 {[%clk
0:02:01]} Kd4 {[%clk 0:05:27]} 129. Kc1 {[%clk 0:02:27]} Kd3 {[%clk 0:05:53]}
130. Kd1 {[%clk 0:02:53]} c2+ {[%clk 0:06:14]} 131. Kc1 {[%clk 0:03:21]} c4
{[%clk 0:06:40]} 132. Kb2 {[%clk 0:03:48]} Kd2 {[%clk 0:07:05]} 133. Ka2 {[%clk
0:04:14]} c3 {[%clk 0:07:28]} 0-1

[Event "DVM U16 2019"]
[Site "Magdeburg GER"]
[Date "2019.12.29"]
[Round "5"]
[White "Bethke, Richard"]
[Black "Krastev, Alexander"]
[Result "0-1"]
[Termination "normal"]
[Board "3.1"]
[WhiteTitle "FM"]
[BlackTitle "FM"]
[WhiteElo "2332"]
[BlackElo "2323"]
[WhiteClock "00:58:08"]
[BlackClock "00:30:21"]
[WhiteTeam "SF Neuberg"]
[BlackTeam "Biebertaler Schachfreunde"]
[PlyCount "60"]
[WhiteFideId "12959243"]
[BlackFideId "12989983"]
[EventCountry "GER"]
[EventRounds "7"]
[EventType "team-swiss"]
[EventDate "2019.12.26"]

1. e4 {[%clk 1:30:58]} e5 {[%clk 1:30:54]} 2. Nf3 {[%clk 1:31:24]} Nc6 {[%clk
1:31:17]} 3. Bb5 {[%clk 1:31:51]} a6 {[%clk 1:31:42]} 4. Ba4 {[%clk 1:32:17]}
d6 {[%clk 1:31:17]} 5. d4 {[%clk 1:31:53]} b5 {[%clk 1:30:18]} 6. Bb3 {[%clk
1:32:19]} Nxd4 {[%clk 1:30:17]} 7. Nxd4 {[%clk 1:32:27]} exd4 {[%clk 1:30:43]}
8. Qxd4 {[%clk 1:31:22]} c5 {[%clk 1:31:05]} 9. Qd5 {[%clk 1:31:12]} Be6 {[%clk
1:31:31]} 10. Qc6+ {[%clk 1:25:34]} Bd7 {[%clk 1:31:56]} 11. Qd5 {[%clk
1:25:52]} c4 {[%clk 1:32:22]} 12. Bxc4 {[%clk 1:26:19]} bxc4 {[%clk 1:32:49]}
13. Qxc4 {[%clk 1:26:44]} Nf6 {[%clk 1:31:38]} 14. Nc3 {[%clk 1:26:58]} Be7
{[%clk 1:31:42]} 15. O-O {[%clk 1:26:41]} O-O {[%clk 1:32:04]} 16. Rd1 {[%clk
1:25:24]} Qb6 {[%clk 1:23:09]} 17. a4 {[%clk 1:23:00]} Rfc8 {[%clk 1:22:54]}
18. Qd3 {[%clk 1:23:04]} Qb7 {[%clk 1:14:30]} 19. Qd4 {[%clk 1:21:01]} Be6
{[%clk 1:12:59]} 20. b3 {[%clk 1:17:20]} Qa7 {[%clk 0:55:13]} 21. Qd2 {[%clk
1:15:12]} Rc6 {[%clk 0:45:34]} 22. Bb2 {[%clk 1:09:31]} Rac8 {[%clk 0:45:57]}
23. Ra3 {[%clk 1:01:32]} Nxe4 {[%clk 0:36:06]} 24. Nxe4 {[%clk 1:01:26]} Rxc2
{[%clk 0:36:31]} 25. Qf4 {[%clk 0:59:28]} Rxb2 {[%clk 0:36:12]} 26. b4 {[%clk
0:58:56]} d5 {[%clk 0:35:44]} 27. Qe5 {[%clk 0:58:34]} Rxb4 {[%clk 0:29:52]}
28. Rg3 {[%clk 0:57:31]} g6 {[%clk 0:30:16]} 29. Nf6+ {[%clk 0:57:43]} Bxf6
{[%clk 0:30:41]} 30. Qxf6 {[%clk 0:58:08]} Qd4 {[%clk 0:30:21]} 0-1